000
00344nam a2200145Ia 4500
008
150201s2009 xx 000 0 und d
082
_a
617.6
_b
P09A
100
_a
ANUSAVICE,K
245
_a
PHILLIPS SCIENCE OF DENTAL MATERIALS
250
_a
11TH
260
_b
ELESIVER
_a
DELHI
_c
2009
300
_a
1-805
650
_a
DENTISTRY
942
_2
ddc
_c
BK
999
_c
424
_d
424